| 000 | 00844nam a22002417a 4500 | ||
|---|---|---|---|
| 001 | 3505 | ||
| 003 | FISKH | ||
| 005 | 20240314092527.0 | ||
| 008 | 240314b cb ||||| |||| 00| 0 eng d | ||
| 040 |
_aFISK _beng _cFISK _dFISK |
||
| 050 | _aTL553.H35 | ||
| 082 | _a629.1308996073 | ||
| 100 |
_aHaskins Jim _d1941-2005 |
||
| 245 |
_aBlack eagles / _cJim Haskins |
||
| 260 |
_aNew York : _bScholastic, _c1995 |
||
| 300 |
_a196 pages : _billustrations, _c20 cm |
||
| 505 | _aZ | ||
| 520 | _aSince the early days of American aviation, racist attitudes have forced African Americans to go to extreme lengths to earn their wings. This engrossing account shares their historic history from the first days of flight to the space program. | ||
| 521 | 8 |
_a1160 _bLexile |
|
| 700 | _aJim Haskins | ||
| 942 |
_2ddc _cBK _n0 |
||
| 999 |
_c3505 _d3505 |
||